| 000 | 00564nam a2200121Ia 4500 | ||
|---|---|---|---|
| 008 | 220620s9999||||xx |||||||||||||| ||und|| | ||
| 100 | _aHutchison, Elizabeth Quay | ||
| 245 | 0 |
_aWorkers Like All the Rest of Them _bDomestic Service and the Rights of Labor in Twentieth-Century Chile |
|
| 546 | _aEnglish[eng] | ||
| 650 | _aHistory of the Americas;Gender studies, gender groups;Sociology | ||
| 856 | _uhttps://library.oapen.org/bitstream/20.500.12657/51208/1/9781478022183.pdf||https://library.oapen.org/bitstream/20.500.12657/51208/1/9781478022183.pdf | ||
| 942 | _cEB | ||
| 999 |
_c29596 _d29596 |
||